| 000 | 00748nam a2200217Ia 4500 | ||
|---|---|---|---|
| 001 | 11197 | ||
| 003 | GE_BSU | ||
| 008 | 181216s||||||||xx |||||||||||||| ||und|| | ||
| 040 | _cGE_BSU | ||
| 080 | _a579.87 | ||
| 100 | _aლომთათიძე ზაურ | ||
| 245 | _aლურჯი აქტინომიცეტების პიგმენტები | ||
| 245 | _cრედ: ბ. წერეთელი | ||
| 260 | _aთბილისი. | ||
| 260 | _bუნივერსალი | ||
| 260 | _c2005 | ||
| 300 | _a119გვ.21სმ. | ||
| 300 | _eცხრ. საძიებ. გვ. 100-107 | ||
| 653 | _aლურჯი აქტინომიცეტების პიგმენტები | ||
| 942 | _cBK | ||
| 999 |
_c44431 _d44431 |
||